| 000 | 00896nam a22002897a 4500 | ||
|---|---|---|---|
| 003 | CHAP | ||
| 005 | 20220329141715.0 | ||
| 008 | 971013s1956 r 00010 d | ||
| 010 | _a72577 | ||
| 011 | _a73549 | ||
| 035 | _a83107 | ||
| 040 | _cCHAP | ||
| 082 |
_a913.725 _bB3 |
||
| 100 | 0 | 0 |
_aBarba de Piña Chan, Beatriz. _910076 |
| 245 | _aTlapocoya ; un sitio preclásico de transición | ||
| 260 |
_aToluca, Méx. : _bDepartamento de Turismo, _c1956 |
||
| 300 | _a204 p. | ||
| 590 |
_aBATCH-UPD _b10 _c20130110 _lUCH01 _h0715 |
||
| 590 |
_aBATCH-UPD _b10 _c20130410 _lUCH01 _h0400 |
||
| 590 |
_aBATCH-UPD _b10 _c20130914 _lUCH01 _h0359 |
||
| 590 |
_aCONVERSION _b10 _c20130109 _lUCH01 _h1340 |
||
| 650 | 1 | 4 |
_aArqueología _xMéxico (Edo.) _97349 |
| 650 | 1 | 4 |
_aMéxico (Edo.) _xHistoria. _976831 |
| 901 | _aBK | ||
| 942 | _cLIBRO | ||
| 949 |
_a913.725 B3 _bBC _cBPP _d-37476 _eBPP _h37983 _i83107 _mD _si |
||
| 999 |
_c72577 _d72577 |
||